000
00248nam a22001217a 4500
008
171227b xxu||||| |||| 00| 0 eng d
041
_a
eng
080
_a
821
100
_a
21
101
_a
GJL
245
_a
Franklin
_c
Doren, C.V
942
_2
udc
_c
BK
999
_c
39451
_d
39451